[Event "Kupreichik Memorial Open 2018"]
[Site "Minsk"]
[Date "2018.06.21"]
[Round "4"]
[White "Bernotas, Arturs"]
[Black "Korobov, Anton"]
[Result "0-1"]
[WhiteElo "2410"]
[BlackElo "2736"]
[Annotator "TA"]
[PlyCount "184"]
[EventDate "2018.06.21"]
[EventCountry "BLR"]
[SourceTitle "playchess.com"]
[Source "ChessBase"]
[SourceQuality "1"]

{[%evp 16,184,55,36,65,58,52,58,60,67,66,70,139,127,127,114,133,122,136,65,70,70,72,70,77,47,51,54,64,50,60,37,55,26,75,47,46,0,0,-16,-9,-15,-14,-26,-26,-27,-33,-36,-14,-41,-16,-16,-14,-31,-36,-37,-50,-80,-27,-67,-67,-67,-67,-67,-67,-67,-67,-67,-67,-67,-67,-67,-67,-67,-67,-67,-67,-67,-67,-67,0,-67,0,-67,-67,-67,-67,-67,-67,-67,-67,-67,-67,-67,-67,-67,-67,-67,-67,-146,-146,-146,-67,-653,-554,-638,-639,-658,-660,-652,-645,-1145,-782,-812,-796,-733,-696,-652,-638,-660,-645,-638,-638,-1127,0,-561,-453,-1252,-1235,-760,-942,-652,-638,-616,-612,-598,-592,-574,-415,-415,-415,-288,-209,-29953,-10740,-5452,-5093,-1318,0,0,0,0,0,0,0,-29970,-29971,-29972,-29972,-29970,-29972,-29976,-29978,-29977,-29979,-29979,-29980,-29980,-29980,-29980,-29981]} 1. e4 c5 2. Nf3 d6 3. Bb5+ Bd7 4. c4 Nc6 5. d4 cxd4 6. Nxd4 a6 {B54: Sizilianisch (Rauser Anti-Drachen-Variante)} (6... g6 7. Nc3 Bg7 8. Be3 Nf6 9. f3 O-O 10. Bxc6 bxc6 11. O-O e5 12. Nde2 Be6 13. Qa4 d5 14. cxd5 cxd5 15. exd5 Nxd5 16. Nxd5 Qxd5 {½-½ (31) Romanov,E (2619)-Artemiev,V (2704) Sochi 2018}) 7. Bxc6 bxc6 8. O-O Nf6 9. Nc3 {LiveBook: 3 Partien} e6 10. c5 $146 ({Vorgänger:} 10. f4 c5 11. Nf3 Bc6 12. Qe2 Be7 {1-0 (67) Guliyev,N (2566)-Bruned,Y (2286) Paris 2017}) 10... dxc5 11. Nb3 c4 12. Nd2 c5 13. Nxc4 Bc6 (13... Bb5 $14 14. Qb3 Qb8) 14. Qe2 $1 $16 Be7 15. Bf4 O-O 16. Rfd1 Nd7 17. Ne5 (17. Rd3 $16) 17... Qc8 $14 18. Nxd7 Bxd7 19. Bd6 Re8 20. Bxe7 Rxe7 21. Rd6 Be8 22. Rad1 h6 23. b3 a5 24. h3 Rb7 25. Qd3 Rbb8 26. f3 Qc7 27. Kh1 a4 28. bxa4 Bxa4 29. Nxa4 Rxa4 30. Rd8+ Rxd8 31. Qxd8+ Qxd8 32. Rxd8+ $11 {[%mdl 4096] Endspiel KT-KT} Kh7 33. Rc8 c4 34. Kh2 Kg6 35. Kg3 Kf6 36. f4 g5 ({Besser ist} 36... Ra3+ $17 37. Kg4 Rxa2) 37. h4 gxf4+ 38. Kxf4 Rxa2 39. e5+ Kg6 40. g4 Rc2 41. h5+ Kg7 42. Ke3 c3 43. Kf3 Rc1 $1 44. Kg2 c2 45. Rc7 Kf8 46. Kh2 Ke8 47. Kg2 Kf8 (47... Kd8 $15 48. Rc3 Ke7 49. Rc7+ Kf8) 48. Rc8+ (48. Kh2 $1 $11) 48... Kg7 49. Rc7 $1 Kg8 50. Rc8+ Kh7 $1 51. Rc7 Kg7 52. Kh2 Re1 53. Rxc2 Rxe5 54. Kg3 Re3+ 55. Kf4 Ra3 56. Rc7 Kf6 57. Rc6 (57. Rc5 $15) 57... Ra4+ $17 58. Kg3 Rd4 (58... Kg5 $1 $17 {Weiss muss nun ...e5 beachten.} 59. Rc5+ f5 60. gxf5 Ra3+ 61. Kf2 exf5) 59. Rc7 $2 {[%mdl 8192]} (59. Rc8 $15) 59... Kg5 $1 $19 60. Rxf7 {Tg7+ ist eine echte Drohung.} Rxg4+ 61. Kf3 {Beabsichtigt Tg7+ und Matt.} Kxh5 62. Re7 Rg6 63. Kf4 Kh4 64. Ra7 Rg5 65. Ra1 Rf5+ 66. Ke4 h5 67. Rg1 Ra5 68. Kf4 {[%cal Rg1h1]} Kh3 69. Rg3+ Kh4 (69... Kh2 $142 $1 70. Rg6 Rf5+ 71. Ke4 h4 72. Rxe6 Rf8) 70. Rg1 $1 {[%cal Rg1h1]} Ra4+ $1 71. Kf3 (71. Ke5 $142 Kh3 72. Kxe6) 71... e5 72. Re1 Rf4+ 73. Kg2 Rf5 74. Re4+ Kg5 75. Kg3 Kf6 76. Ra4 Rg5+ 77. Kf3 Rg6 78. Rh4 Rh6 79. Ke4 $2 (79. Ke3 $19) 79... Kg5 $1 80. Rh1 h4 {[%cal Bh5h4,Bh4h3,Bh3h2][%mdl 32]} 81. Rg1+ Kh5 $2 ({Lieber} 81... Kf6 $1 $19 82. Rf1+ Ke6) 82. Kf5 $1 $11 {[%csl Gf5][%cal Rg1g5]} Rh8 83. Rg5+ Kh6 {( -> ...Tf8+)} 84. Rg6+ Kh7 {zielt auf ...h3 ab.} (84... Kh5 $5 85. Rg5+ $8 Kh6 $11) 85. Rg4 $2 {[%mdl 8192]} (85. Re6 $11) 85... h3 {Schwarz setzt Matt.} 86. Rg1 h2 87. Rh1 Kg7 88. Kxe5 {[#]} Rh4 $1 89. Kf5 Kh6 90. Kf6 Kh5 91. Kf5 {[#]} Rh3 $1 {[%cal Rh3h4]} 92. Kf4 Kh4 {Precision: Weiß = 49%, Schwarz = 74%.} 0-1

[Event "Kupreichik Memorial Open 2018"]
[Site "Minsk"]
[Date "2018.06.21"]
[Round "4"]
[White "Tihonov, Jurij"]
[Black "Girshgorn, Maria"]
[Result "1/2-1/2"]
[WhiteElo "2385"]
[BlackElo "1805"]
[Annotator "NA"]
[PlyCount "108"]
[EventDate "2018.06.21"]
[EventCountry "BLR"]
[SourceTitle "playchess.com"]
[Source "ChessBase"]
[SourceQuality "1"]
[TimeControl "900+10"]

1. d4 {[%emt 0:00:00]} Nf6 {[%emt 0:00:02]} 2. Nf3 {[%emt 0:00:00]} g6 {[%emt 0:00:04]} 3. Bg5 {[%emt 0:00:00]} Bg7 {[%emt 0:00:02]} 4. e3 {[%emt 0:00:00]} d6 {[%emt 0:00:02]} 5. Be2 {[%emt 0:00:06]} O-O {[%emt 0:00:02]} 6. O-O {[%emt 0:00:01]} Nbd7 {[%emt 0:00:04]} 7. c4 {[%emt 0:00:04]} e5 {[%emt 0:00:08]} 8. Nc3 {[%emt 0:00:01]} c6 {[%emt 0:00:09]} 9. Qc2 {[%emt 0:00:01]} Qc7 {[%emt 0:00:09]} 10. Rfd1 {[%emt 0:00:03]} exd4 {[%emt 0:03:14]} 11. Nxd4 {[%emt 0:00:02]} Nc5 {[%emt 0:00:10]} 12. Rd2 {[%emt 0:00:17]} Bd7 {[%emt 0:01:19]} 13. Rad1 {[%emt 0:00:02]} Rad8 {[%emt 0:00:02]} 14. Bf4 {[%emt 0:00:04]} Bg4 {[%emt 0:00:26]} 15. f3 {[%emt 0:00:04]} Bc8 {[%emt 0:00:28]} 16. b4 {[%emt 0:00:01]} Na6 {[%emt 0:00:02]} 17. a3 {[%emt 0:00:00]} Nh5 {[%emt 0:00:09]} 18. Bg5 {[%emt 0:00:05]} Rde8 {[%emt 0:01:03]} 19. e4 {[%emt 0:00:19]} h6 {[%emt 0:00:21]} 20. Bh4 {[%emt 0:00:02]} Nf4 {[%emt 0:00:08]} 21. Bf1 {[%emt 0:00:02]} d5 {[%emt 0:00:47]} 22. exd5 {[%emt 0:00:23]} cxd5 {[%emt 0:00:02]} 23. Ndb5 {[%emt 0:00:09]} Qb6+ {[%emt 0:02:59]} 24. Bf2 {[%emt 0:00:20]} Qf6 {[%emt 0:00:12]} 25. cxd5 {[%emt 0:00:15]} Bf5 {[%emt 0:00:08]} 26. Qb3 {[%emt 0:00:02]} Qg5 {[%emt 0:00:12]} 27. Kh1 {[%emt 0:00:10]} h5 {[%emt 0:00:47]} 28. d6 {[%emt 0:00:03]} h4 {[%emt 0:00:18]} 29. d7 {[%emt 0:00:07]} Rd8 {[%emt 0:00:01]} 30. Ne4 {[%emt 0:00:05]} Bxe4 {[%emt 0:00:05]} 31. fxe4 {[%emt 0:00:01]} h3 {[%emt 0:00:11]} 32. g3 {[%emt 0:00:01]} Ng2 {[%emt 0:00:19]} 33. Qf3 {[%emt 0:00:38]} f5 {[%emt 0:00:31]} 34. Bxg2 {[%emt 0:00:29]} hxg2+ {[%emt 0:00:56]} 35. Kxg2 {[%emt 0:00:01]} fxe4 {[%emt 0:00:03]} 36. Qb3+ {[%emt 0:00:11]} Kh7 {[%emt 0:00:10]} 37. Nd6 {[%emt 0:00:06]} Qg4 {[%emt 0:01:07]} 38. Nxb7 {[%emt 0:00:08]} Rf3 {[%emt 0:00:40]} 39. Qc4 {[%emt 0:00:22]} Rxd7 {[%emt 0:00:41]} 40. Rxd7 {[%emt 0:00:06]} Rxf2+ {[%emt 0:00:06]} 41. Kg1 {[%emt 0:00:22]} Qf3 {[%emt 0:00:39]} 42. Rxg7+ {[%emt 0:00:04]} Kxg7 {[%emt 0:00:06]} 43. Qd4+ {[%emt 0:00:09]} Kh7 {[%emt 0:00:16]} 44. Qxf2 {[%emt 0:00:03]} Qxd1+ {[%emt 0:00:02]} 45. Kg2 {[%emt 0:00:01]} Qd5 {[%emt 0:00:04]} 46. Nc5 {[%emt 0:00:10]} e3+ {[%emt 0:01:42]} 47. Qf3 {[%emt 0:00:01]} Qd2+ {[%emt 0:00:29]} 48. Kh3 {[%emt 0:00:07]} Nxc5 {[%emt 0:00:03]} 49. Qf7+ {[%emt 0:00:11]} Kh6 {[%emt 0:00:09]} 50. Qf4+ {[%emt 0:00:06]} Kh7 {[%emt 0:00:06]} 51. bxc5 {[%emt 0:00:02]} Qd7+ {[%emt 0:00:16]} 52. g4 {[%emt 0:00:16]} e2 {[%emt 0:00:08]} 53. Qe5 {[%emt 0:00:26]} Qd1 {[%emt 0:00:26]} 54. Qe7+ {[%emt 0:00:05]} Kg8 {[%emt 0:00:05]} 1/2-1/2

[Event "Kupreichik Memorial Open 2018"]
[Site "Minsk"]
[Date "2018.06.21"]
[Round "4"]
[White "Barskij, Vladimir"]
[Black "Ilyuchyk, Yana"]
[Result "1-0"]
[WhiteElo "2352"]
[BlackElo "1971"]
[Annotator "NA"]
[PlyCount "87"]
[EventDate "2018.06.21"]
[EventCountry "BLR"]
[SourceTitle "playchess.com"]
[Source "ChessBase"]
[SourceQuality "1"]
[TimeControl "900+10"]

1. e4 {[%emt 0:00:00]} c5 {[%emt 0:00:01]} 2. f4 {[%emt 0:00:00]} Nc6 {[%emt 0:00:03]} 3. Nf3 {[%emt 0:00:04]} g6 {[%emt 0:00:07]} 4. Bb5 {[%emt 0:00:06]} Bg7 {[%emt 0:00:04]} 5. Bxc6 {[%emt 0:00:04]} dxc6 {[%emt 0:00:08]} 6. d3 {[%emt 0:00:35]} Nf6 {[%emt 0:00:26]} 7. O-O {[%emt 0:00:10]} Bg4 {[%emt 0:00:16]} 8. Nbd2 {[%emt 0:00:09]} O-O {[%emt 0:00:07]} 9. Qe1 {[%emt 0:01:21]} Bxf3 {[%emt 0:01:06]} 10. Nxf3 {[%emt 0:00:02]} Qb6 {[%emt 0:01:44]} 11. Kh1 {[%emt 0:00:22]} Qc7 {[%emt 0:00:43]} 12. Rb1 {[%emt 0:00:35]} Rad8 {[%emt 0:00:41]} 13. b3 {[%emt 0:00:43]} Nh5 {[%emt 0:00:46]} 14. Qh4 {[%emt 0:00:30]} Bf6 {[%emt 0:01:01]} 15. Qg4 {[%emt 0:00:15]} Bg7 {[%emt 0:03:00]} 16. f5 {[%emt 0:00:56]} Qd7 {[%emt 0:01:35]} 17. Qh4 {[%emt 0:01:32]} Bf6 {[%emt 0:00:19]} 18. Bg5 {[%emt 0:02:52]} Bxg5 {[%emt 0:00:44]} 19. Nxg5 {[%emt 0:00:04]} h6 {[%emt 0:02:48]} 20. Nf3 {[%emt 0:04:26]} Kg7 {[%emt 0:00:20]} 21. e5 {[%emt 0:00:32]} Qxf5 {[%emt 0:00:51]} 22. g4 {[%emt 0:00:13]} Qf4 {[%emt 0:00:09]} 23. gxh5 {[%emt 0:00:03]} Qxh4 {[%emt 0:00:22]} 24. Nxh4 {[%emt 0:00:02]} Rd4 {[%emt 0:00:23]} 25. Nf3 {[%emt 0:00:05]} Rf4 {[%emt 0:00:02]} 26. hxg6 {[%emt 0:00:12]} fxg6 {[%emt 0:00:01]} 27. Nd2 {[%emt 0:00:04]} Rf2 {[%emt 0:00:03]} 28. Rxf2 {[%emt 0:00:10]} Rxf2 {[%emt 0:00:01]} 29. Rd1 {[%emt 0:00:08]} Re2 {[%emt 0:00:02]} 30. Kg1 {[%emt 0:00:15]} b6 {[%emt 0:00:18]} 31. a4 {[%emt 0:00:07]} g5 {[%emt 0:00:28]} 32. c3 {[%emt 0:00:14]} Rxe5 {[%emt 0:00:06]} 33. Ne4 {[%emt 0:00:04]} Kg6 {[%emt 0:00:10]} 34. Kg2 {[%emt 0:00:07]} h5 {[%emt 0:00:04]} 35. Kf3 {[%emt 0:00:14]} g4+ {[%emt 0:00:01]} 36. Ke2 {[%emt 0:00:10]} h4 {[%emt 0:00:05]} 37. Rf1 {[%emt 0:00:07]} b5 {[%emt 0:00:19]} 38. c4 {[%emt 0:00:07]} bxc4 {[%emt 0:00:20]} 39. bxc4 {[%emt 0:00:03]} h3 {[%emt 0:00:11]} 40. Rf8 {[%emt 0:01:10]} a5 {[%emt 0:00:27]} 41. Ke3 {[%emt 0:00:06]} Rf5 {[%emt 0:00:38]} 42. Rg8+ {[%emt 0:00:15]} Kf7 {[%emt 0:00:05]} 43. Rxg4 {[%emt 0:00:03]} Rf1 {[%emt 0:00:04]} 44. Rf4+ {[%emt 0:00:02]} 1-0

[Event "Kupreichik Memorial Open 2018"]
[Site "Minsk"]
[Date "2018.06.21"]
[Round "4"]
[White "Zarubitski, Viachaslau"]
[Black "Fedorov, Alexei"]
[Result "1-0"]
[WhiteElo "2265"]
[BlackElo "2577"]
[Annotator "TA"]
[PlyCount "101"]
[EventDate "2018.06.21"]
[EventCountry "BLR"]
[SourceTitle "playchess.com"]
[Source "ChessBase"]
[SourceQuality "1"]

{[%evp 17,101,71,70,63,61,73,59,52,68,72,125,64,74,0,0,0,72,64,73,57,82,51,122,122,129,116,118,127,128,119,127,127,127,140,102,108,97,114,104,106,103,116,108,103,160,138,142,20,18,6,12,0,0,0,0,0,0,0,0,0,0,0,0,0,0,0,2681,1772,12839,12839,12840,12840,12840,12840,12843,12843,12844,12843,12843,12842,12845,12846,12846,12847,12850,12847]} 1. e4 c5 2. Nf3 d6 3. d4 cxd4 4. Nxd4 Nf6 5. Nc3 g6 6. Be3 Bg7 7. f3 a6 8. Qd2 b5 9. a4 {B75: Sicilian Dragon: Yugoslav Attack, Miscellaneous} b4 {LiveBook: 6 Games} 10. Na2 (10. Nd5 Nxd5 11. exd5 Bb7 12. Bc4 Nd7 13. a5 Nf6 14. Ne2 O-O 15. Ra4 Rc8 16. b3 Rc5 17. Rxb4 Rxd5 18. Bxd5 Bxd5 {½-½ (61) Kramnik,V (2808)-Nakamura,H (2785) Stavanger 2017}) 10... a5 $1 11. c3 {White is slightly better.} bxc3 12. Nxc3 O-O 13. Bb5 Nfd7 $146 (13... Bd7 $142) ({Predecessor:} 13... Bb7 14. Rd1 Na6 15. O-O Nb4 16. Bh6 e5 17. Bxg7 Kxg7 {0-1 (56) Donskov,A (2280)-Solovjov,S (2342) St Petersburg 2014}) 14. Nd5 (14. h4 $16) 14... Nc5 $14 {White should prevent ...e6.} 15. O-O (15. Rd1 $16) 15... e6 $11 16. Nc3 Bb7 (16... Bxd4 $1 $11 {keeps the balance.} 17. Qxd4 (17. Bxd4 Nb3 $11) 17... Nb3) 17. Rad1 $1 $16 Qe7 18. Nde2 $36 {[%mdl 2048] White is pushing.} Be5 19. f4 Bg7 ({Better is} 19... Bf6 $14) 20. Qxd6 Qxd6 21. Rxd6 Nxe4 22. Nxe4 Bxe4 23. Nc3 Bb7 24. Rb6 Ba6 25. Rd1 Bxb5 26. axb5 {Strongly threatening Na4.} ({Much worse is} 26. Rxb5 Nc6 $11) 26... a4 {Threatening ...a3.} 27. Bc5 Rc8 28. Ba3 {And now Rbd6 would win.} Bf8 {[#] Black wants to play ...Bxa3.} 29. Ne4 $1 {Hoping for Rb7.} Ra7 30. g4 {[%cal Bg2g4,Bg4g5][%mdl 32]} Kg7 ({Black should play} 30... Rac7) 31. g5 Rd7 32. Bxf8+ (32. Nd6 $16) 32... Kxf8 $11 33. Rxd7 Rc1+ 34. Kf2 Nxd7 {[%mdl 4096] Endgame KRN-KRN} 35. Rb7 Nc5 36. Nxc5 Rxc5 {KR-KR} 37. Ke3 Rc2 38. Kd4 Rxb2 39. Kc5 a3 40. Ra7 a2 (40... Rxh2 41. b6 $18) 41. b6 {Black must now prevent Kc6.} Rxh2 $2 {[%mdl 8192] [#]} (41... Ke8 $11) 42. b7 $1 $18 {[%cal Rb7b8] White is clearly winning.} Rc2+ 43. Kd6 Rd2+ 44. Kc7 Rc2+ 45. Kb8 h6 46. Ka8 Rb2 47. b8=Q+ Rxb8+ 48. Kxb8 hxg5 49. fxg5 e5 50. Kc8 f6 51. Kd7 {Precision: White = 76%, Black = 55%.} 1-0

[Event "Kupreichik Memorial Open 2018"]
[Site "Minsk"]
[Date "2018.06.21"]
[Round "4"]
[White "Tsigelnitskiy, Ilusha"]
[Black "Zagorskii, Artem"]
[Result "1-0"]
[WhiteElo "2253"]
[BlackElo "1705"]
[Annotator "NA"]
[PlyCount "111"]
[EventDate "2018.06.21"]
[EventCountry "BLR"]
[SourceTitle "playchess.com"]
[Source "ChessBase"]
[SourceQuality "1"]
[TimeControl "900+10"]

1. e4 {[%emt 0:00:00]} c5 {[%emt 0:00:12]} 2. Nf3 {[%emt 0:00:00]} e6 {[%emt 0:00:03]} 3. d4 {[%emt 0:00:00]} cxd4 {[%emt 0:00:01]} 4. Nxd4 {[%emt 0:00:00]} a6 {[%emt 0:00:04]} 5. Bd3 {[%emt 0:00:01]} Ne7 {[%emt 0:00:05]} 6. b3 {[%emt 0:00:39]} Nbc6 {[%emt 0:00:05]} 7. Nxc6 {[%emt 0:00:08]} Nxc6 {[%emt 0:00:05]} 8. Bb2 {[%emt 0:00:04]} Bb4+ {[%emt 0:01:18]} 9. Nd2 {[%emt 0:00:08]} O-O {[%emt 0:00:05]} 10. O-O {[%emt 0:00:07]} Be7 {[%emt 0:00:06]} 11. Qe2 {[%emt 0:01:42]} Nb4 {[%emt 0:01:43]} 12. Rad1 {[%emt 0:00:05]} Nxd3 {[%emt 0:00:23]} 13. Qxd3 {[%emt 0:00:03]} b5 {[%emt 0:01:54]} 14. Qg3 {[%emt 0:00:33]} f6 {[%emt 0:01:11]} 15. Nf3 {[%emt 0:00:57]} Bb7 {[%emt 0:00:49]} 16. Rfe1 {[%emt 0:00:07]} Rc8 {[%emt 0:00:10]} 17. Nd4 {[%emt 0:01:40]} Qc7 {[%emt 0:00:20]} 18. Qg4 {[%emt 0:00:29]} Bc5 {[%emt 0:03:05]} 19. h4 {[%emt 0:00:47]} Rf7 {[%emt 0:00:58]} 20. c3 {[%emt 0:01:53]} Bf8 {[%emt 0:02:46]} 21. h5 {[%emt 0:00:10]} Kh8 {[%emt 0:01:10]} 22. Re3 {[%emt 0:00:42]} Bc5 {[%emt 0:00:27]} 23. Rh3 {[%emt 0:01:12]} Bxd4 {[%emt 0:00:06]} 24. Rxd4 {[%emt 0:00:14]} h6 {[%emt 0:00:25]} 25. Rg3 {[%emt 0:00:52]} Rg8 {[%emt 0:01:09]} 26. Qg6 {[%emt 0:00:14]} d5 {[%emt 0:00:25]} 27. exd5 {[%emt 0:00:18]} Bxd5 {[%emt 0:00:03]} 28. c4 {[%emt 0:00:40]} bxc4 {[%emt 0:00:01]} 29. bxc4 {[%emt 0:00:02]} Bb7 {[%emt 0:00:01]} 30. Rgg4 {[%emt 0:03:33]} e5 {[%emt 0:00:23]} 31. Rd3 {[%emt 0:00:07]} Bc8 {[%emt 0:00:30]} 32. Re4 {[%emt 0:00:41]} Be6 {[%emt 0:00:01]} 33. Bc1 {[%emt 0:00:09]} Qe7 {[%emt 0:00:21]} 34. Rg3 {[%emt 0:00:39]} Rff8 {[%emt 0:00:08]} 35. f4 {[%emt 0:00:12]} Qa7+ {[%emt 0:00:02]} 36. Kh2 {[%emt 0:00:03]} Bf7 {[%emt 0:00:19]} 37. Qf5 {[%emt 0:00:07]} exf4 {[%emt 0:00:04]} 38. Bxf4 {[%emt 0:00:08]} Be8 {[%emt 0:00:14]} 39. Bd6 {[%emt 0:00:15]} Rf7 {[%emt 0:00:10]} 40. Rge3 {[%emt 0:00:03]} Bd7 {[%emt 0:00:05]} 41. Qf4 {[%emt 0:00:04]} Qb6 {[%emt 0:00:19]} 42. c5 {[%emt 0:00:04]} Qc6 {[%emt 0:00:01]} 43. Rg3 {[%emt 0:00:13]} Bc8 {[%emt 0:00:14]} 44. Qe3 {[%emt 0:00:21]} Bb7 {[%emt 0:00:01]} 45. Re7 {[%emt 0:00:05]} Qd5 {[%emt 0:00:12]} 46. Qe2 {[%emt 0:00:34]} Rxe7 {[%emt 0:00:09]} 47. Bxe7 {[%emt 0:00:03]} Re8 {[%emt 0:00:08]} 48. Re3 {[%emt 0:00:09]} Qg5 {[%emt 0:00:22]} 49. Kg1 {[%emt 0:00:23]} Qf4 {[%emt 0:00:09]} 50. Qf2 {[%emt 0:00:05]} Qd4 {[%emt 0:00:10]} 51. Re1 {[%emt 0:00:20]} Qd5 {[%emt 0:00:08]} 52. Qe2 {[%emt 0:00:35]} Kg8 {[%emt 0:00:09]} 53. Qg4 {[%emt 0:00:21]} Ba8 {[%emt 0:00:18]} 54. Qg6 {[%emt 0:00:13]} Bc6 {[%emt 0:00:06]} 55. Kh2 {[%emt 0:00:25]} Ba8 {[%emt 0:00:05]} 56. Bxf6 {[%emt 0:00:18]} 1-0

[Event "Kupreichik Memorial Open 2018"]
[Site "Minsk"]
[Date "2018.06.21"]
[Round "4"]
[White "Sihite, Chelsie Monica Igne"]
[Black "Artsiomau, Stanislau"]
[Result "1-0"]
[WhiteElo "2236"]
[BlackElo "1954"]
[Annotator "NA"]
[PlyCount "109"]
[EventDate "2018.06.21"]
[EventCountry "BLR"]
[SourceTitle "playchess.com"]
[Source "ChessBase"]
[SourceQuality "1"]
[TimeControl "900+10"]

1. e4 {[%emt 0:00:00]} e5 {[%emt 0:00:01]} 2. Nf3 {[%emt 0:00:00]} Nc6 {[%emt 0:00:01]} 3. Bc4 {[%emt 0:00:00]} Be7 {[%emt 0:00:01]} 4. O-O {[%emt 0:00:05]} Nf6 {[%emt 0:00:03]} 5. d3 {[%emt 0:00:20]} d6 {[%emt 0:00:11]} 6. c3 {[%emt 0:00:08]} O-O {[%emt 0:00:09]} 7. Bb3 {[%emt 0:00:27]} Bg4 {[%emt 0:01:09]} 8. h3 {[%emt 0:00:21]} Be6 {[%emt 0:00:25]} 9. Bc2 {[%emt 0:00:15]} h6 {[%emt 0:00:47]} 10. d4 {[%emt 0:00:57]} exd4 {[%emt 0:00:31]} 11. Nxd4 {[%emt 0:00:06]} Bd7 {[%emt 0:01:02]} 12. Nd2 {[%emt 0:00:29]} Re8 {[%emt 0:01:22]} 13. Re1 {[%emt 0:00:26]} Bf8 {[%emt 0:00:01]} 14. Nf1 {[%emt 0:00:04]} g6 {[%emt 0:01:52]} 15. Ng3 {[%emt 0:00:10]} Bg7 {[%emt 0:00:02]} 16. Be3 {[%emt 0:00:07]} Kh7 {[%emt 0:01:28]} 17. f4 {[%emt 0:00:23]} a6 {[%emt 0:00:41]} 18. Nf3 {[%emt 0:00:21]} Ng8 {[%emt 0:00:32]} 19. Bd3 {[%emt 0:00:39]} b5 {[%emt 0:00:36]} 20. Qc2 {[%emt 0:00:03]} Nge7 {[%emt 0:00:18]} 21. Rad1 {[%emt 0:00:09]} Qc8 {[%emt 0:00:02]} 22. Kh2 {[%emt 0:00:05]} Rb8 {[%emt 0:00:18]} 23. Bc1 {[%emt 0:00:43]} a5 {[%emt 0:00:49]} 24. e5 {[%emt 0:00:19]} dxe5 {[%emt 0:00:27]} 25. fxe5 {[%emt 0:00:02]} Nf5 {[%emt 0:00:39]} 26. Nxf5 {[%emt 0:00:09]} Bxf5 {[%emt 0:00:02]} 27. Bxf5 {[%emt 0:00:08]} Qxf5 {[%emt 0:00:15]} 28. Qxf5 {[%emt 0:00:03]} gxf5 {[%emt 0:00:01]} 29. Bf4 {[%emt 0:00:13]} Rbd8 {[%emt 0:00:34]} 30. Rxd8 {[%emt 0:00:10]} Nxd8 {[%emt 0:01:15]} 31. Rd1 {[%emt 0:01:16]} Ne6 {[%emt 0:00:41]} 32. g3 {[%emt 0:00:07]} Bf8 {[%emt 0:00:50]} 33. Nh4 {[%emt 0:00:17]} Ng7 {[%emt 0:01:35]} 34. Rd7 {[%emt 0:00:22]} Be7 {[%emt 0:00:22]} 35. Nf3 {[%emt 0:01:04]} Ne6 {[%emt 0:00:00]} 36. Nd4 {[%emt 0:00:10]} Nxd4 37. cxd4 {[%emt 0:00:02]} c6 {[%emt 0:01:24]} 38. Rc7 {[%emt 0:00:03]} Bf8 {[%emt 0:00:43]} 39. Rxf7+ {[%emt 0:00:22]} Kg8 {[%emt 0:00:12]} 40. Rxf5 Rd8 41. Be3 {[%emt 0:00:34]} a4 {[%emt 0:00:06]} 42. Kg2 {[%emt 0:00:35]} b4 {[%emt 0:00:22]} 43. Kf3 {[%emt 0:00:02]} Rb8 {[%emt 0:00:13]} 44. Ke4 {[%emt 0:00:20]} b3 {[%emt 0:00:01]} 45. axb3 {[%emt 0:00:01]} Rxb3 {[%emt 0:00:04]} 46. Rf2 {[%emt 0:00:02]} Be7 {[%emt 0:00:25]} 47. Rc2 {[%emt 0:00:08]} h5 {[%emt 0:00:05]} 48. h4 {[%emt 0:00:10]} Kf7 {[%emt 0:00:07]} 49. Bf4 {[%emt 0:00:37]} Ke8 {[%emt 0:00:24]} 50. e6 {[%emt 0:00:05]} Rb6 {[%emt 0:00:08]} 51. Kf5 {[%emt 0:00:17]} Kf8 {[%emt 0:00:10]} 52. Be5 {[%emt 0:00:11]} Ra6 {[%emt 0:00:08]} 53. d5 {[%emt 0:00:05]} c5 {[%emt 0:00:06]} 54. Rd2 {[%emt 0:00:11]} c4 {[%emt 0:00:17]} 55. d6 {[%emt 0:00:05]} 1-0

[Event "Kupreichik Memorial Open 2018"]
[Site "Minsk"]
[Date "2018.06.21"]
[Round "4"]
[White "Nigmatov, Ortik"]
[Black "Kovalev, Vladislav"]
[Result "0-1"]
[WhiteElo "2210"]
[BlackElo "2631"]
[Annotator "TA"]
[PlyCount "78"]
[EventDate "2018.06.21"]
[EventCountry "BLR"]
[SourceTitle "playchess.com"]
[Source "ChessBase"]
[SourceQuality "1"]

{[%evp 19,78,34,42,40,37,37,36,25,25,27,27,27,31,31,35,23,26,18,35,23,31,22,38,31,77,0,0,0,0,0,0,0,12,0,0,0,0,0,0,0,0,0,0,0,0,-251,-254,-278,-269,-475,-468,-475,-393,-418,-404,-450,-447,-509,-391,-383,-368]} 1. e4 e5 2. Nf3 Nc6 3. Bc4 Nf6 4. d3 Bc5 5. c3 a6 6. O-O d6 7. Nbd2 {[%cal Bb1d2,Bd2f1,Bf1g3][%mdl 32]} Ba7 8. Bb3 h6 {C54: Italienische Partie (Hauptvariante)} 9. Re1 Qe7 (9... Nh5 10. Nf1 Qf6 11. Ne3 Nf4 12. Nd5 Nxd5 13. exd5 Ne7 14. d4 exd4 15. Nxd4 O-O 16. Be3 {½-½ (101) Amin,B (2689)-Bu,X (2730) Riadh 2017}) 10. Nf1 Be6 {LiveBook: 3 Partien. Weiß steht etwas besser.} 11. Be3 O-O 12. Bxa7 {[#] Droht stark Le3.} Rxa7 13. Ng3 $146 ({Vorgänger:} 13. Ne3 Raa8 14. h3 Rfe8 15. Bc2 Qd8 16. d4 {1-0 (53) Tatarska,V-Moser,M (1914) GER email 2014}) 13... Bxb3 14. Qxb3 Qe6 15. Qc2 Raa8 16. d4 {d5 ist eine echte Drohung.} Ne7 17. Nh4 Rfe8 18. h3 Rad8 19. a4 a5 20. Rad1 c6 21. Re3 g6 22. dxe5 ({Besser ist} 22. b3 $16) 22... dxe5 $11 23. Red3 Rxd3 24. Rxd3 Kg7 25. Qd1 Qc4 26. b3 Qc5 27. Qd2 b5 28. Rd6 bxa4 29. bxa4 Rb8 {[%cal Be8b8,Bb8b3,Bb3a3,Ba3a4][%mdl 32]} 30. Kh2 Rb3 ({Natürlich nicht} 30... Rb2 $6 31. Qxb2 Qxd6 32. Qb6 $16) 31. Rd3 Ra3 32. f4 $2 {[%mdl 8192]} (32. Rd8 $11) 32... Rxa4 $19 ({Minderwertig wäre} 32... Ra1 33. Nf3 $11) ({Viel schwächer ist} 32... exf4 33. Qxf4 Qg5 34. Qxg5 $17) 33. fxe5 Qxe5 34. Qd1 $2 (34. Nf3 Qxg3+ 35. Kxg3 Nxe4+ 36. Kh2 Nxd2 37. Rxd2) 34... Rxe4 35. Nf3 Qf4 36. Nd4 Re3 {[#] Und ...Dxg3+ würde nun gewinnen.} 37. Rxe3 Qxe3 38. Qa1 Qe5 39. c4 {Schwarz muss nun Sdf5+! beachten.} Kh7 {Precision: Weiß = 47%, Schwarz = 71%.} 0-1